April fools Rocket league ranks 2017 - Statistics

General Stats
  • This quiz has been taken 13 times
  • The average score is 5 of 8
Answer Stats
Picture Answer % Correct
Broccoli
100%
Corn
100%
Onion
100%
Potato
100%
Radish
78%
Grand eggplant
11%
Unranked
11%
Purple Cabbage
0%
No matching quizzes found
Score Distribution
Percent of People with Each Score
Percentile by Number Answered
Your Score History
You have not taken this quiz